| 000 | 00489nam a2200145 4500 | ||
|---|---|---|---|
| 008 | 240309b |||||||| |||| 00| 0 eng d | ||
| 082 |
_a305.4 _bCON |
||
| 245 | _aConvention on the elimination of all forms of discrimination against women (CEDAW) | ||
| 260 |
_aColombo: _bUnited Nations Population Fund, _c2010 |
||
| 650 | _aLAWS-Discrimination against women | ||
| 650 | _aViolence against women | ||
| 700 | _aDaluwatte, Sharmila | ||
| 700 |
_aMuthukumarage, Damayanthi _eills. |
||
| 942 | _cRP | ||
| 999 |
_c4853 _d4853 |
||